000 00607nam a2200193 a 4500
001 000021245
005 20200930011254.0
008 100902s1972 sp 000 f spa d
040 _aDO-SdBNP
_bspa
_cBNPHU
082 _a843.8
_bM777c
100 1 _aMontepin, Xavier de,
_d1823-1902.
_944407
245 1 0 _aEl coche no. 13 /
_cXavier de Montepin.
260 _aBarcelona, España :
_bRamón Sopena,
_c1972.
300 _a760 p. ;
_c18 cm.
490 1 _aBiblioteca sopena
_v11-2
650 4 _aNovela francesa
_91075
650 4 _aLiteratura francesa
_ySIGLO XIX
_95031
830 0 _aBiblioteca sopena
_v11-2
_912815
999 _c20746
_d20746